Les épreuves des JP d'hiver de 2026 - Statistiques

Statistiques générales
  • Ce quiz a été pris 8 fois
  • Le résultat moyen est 5 sur 6
Statistiques - réponses
Hint Réponse % Correct
Image 1 Curling en fauteuil roulant
100%
Image 1 Ski de fond
100%
Image 1 Biathlon
86%
Image 1 Ski alpin
86%
Image 1 Snowboard
86%
Image 1 Para-Hockey sur glace
29%
Aucun quiz correspondant
Distribution des résultats
% des personnes avec chaque résultat
Percentile par nombre de réponses
Votre historique - résultats
Vous n’avez pas pris ce quiz